Capitales Europeas - Ahorcado #6 - Estadísticas

Estadísticas generales
  • Esta prueba ha sido intentada 210 veces
  • La puntuación promedio es 4 de 6
Estadísticas de respuestas
Respuesta % Correcto
3 A
100%
4 A
100%
4 A
100%
6 A
100%
9 A
100%
10 E
100%
7 A
93%
2 A
91%
4 N
91%
8 A
86%
8 A
86%
1 Í
86%
8 I
86%
6 Ó
85%
6 O
85%
10 O
85%
5 Í
83%
4 E
82%
2 I
82%
4 T
82%
1 E
79%
6 C
77%
10 I
77%
6 M
77%
6 N
77%
4 S
73%
8 R
71%
9 I
64%
8 N
64%
8 T
64%
3 I
62%
3 O
62%
10 S
62%
1 B
57%
1 R
57%
3 B
54%
10 K
54%
10 P
54%
3 S
54%
1 L
50%
3 L
46%
2 M
45%
2 R
45%
1 N
43%
7 E
40%
9 L
36%
9 L
36%
5 B
33%
5 L
33%
5 N
33%
9 N
29%
9 T
29%
2 D
27%
2 D
27%
7 B
20%
5 D
17%
5 U
17%
7 R
13%
7 G
7%
7 Z
7%
No se encontraron pruebas coincidentes
Distribución de puntuación
Porcentaje de gente con cada puntuación
Porcentaje por número respondido
Historial de tus puntuaciones
No has intentado esta prueba.